Normal view
MARC view
- Political leadership
Entry Topical Term
001 - CONTROL NUMBER
- control field: 10120
003 - CONTROL NUMBER IDENTIFIER
- control field: NUST
005 - DATE AND TIME OF LATEST TRANSACTION
- control field: 20180312044127.0
008 - FIXED-LENGTH DATA ELEMENTS
- fixed length control field: 180312|| aca||aabn | a|a d
040 ## - CATALOGING SOURCE
- Original cataloging agency: NUST
- Transcribing agency: NUST
150 ## - HEADING--TOPICAL TERM
- Topical term or geographic name entry element: Political leadership
- Geographic subdivision: Pakistan.
670 ## - SOURCE DATA FOUND
- Source citation: Work cat.: (NUST)0: Shafi, Iqbal M., 1927- 10119, Character and leadership :
